000
00203 a2200097 4500
001
48935
100
_a
NIA
245
_a
Kohekaaff Key Dase Main
260
_a
Lahore
_b
Jang Pub
_c
090
_c
31829
_d
31829
942
_a
NUST-CAE
_c
M
_c
24257
999
_c
284008
_d
284008